000 00797cab a2200241 4500
001 ABS56047
008 090401t1996 xxu||||| |||| 00| 0 eng d
035 _a(Sirsi) u20686
041 _aeng
100 _aVarcoe, B.
245 _aObjective quality appraisal of working environments
260 _c1996
350 _a0
490 _aFacilities Management
_v4(1) October 1996, 4-6(3)
520 _aConsiders how to achieve an appreciation of the performance of a working environments` assets, how those assets perform and how they relate to the whole organisation.
650 _aASSET PERFORMANCE
650 _aWORKING ENVIRONMENT
650 _aWORKPLACE AUDIT
650 _aWORKPLACE MANAGEMENT
690 _aOFFICE SERVICES AND ADMINISTRATION
942 _n0
948 _c04/03/1997
999 _c13859
_d13859